LEADER 01439nam 2200325 n 450 001 996394945803316 005 20200824132540.0 035 $a(CKB)3810000000010957 035 $a(EEBO)2240870703 035 $a(UnM)ocm99882740e 035 $a(UnM)99882740 035 $a(EXLCZ)993810000000010957 100 $a19850514d1659 uy 101 0 $aeng 135 $aurbn||||a|bb| 200 10$aTo Charles Fleetvvood, steward, Robert Hatton, recorder: Sackford Gunstone, Henry VVilcock, bailiffs. Being judges in the Court of Kingstone upon Thames$b[electronic resource] $eThe state of the old controversie once more laid before you, depending in your court, between Richard Mayo, plaintiffe, and Edward Burrough, defendant. /$fBy Edward Burrough 210 $aLondon $cprinted for Thomas Simmons, at the Bull and Mouth near Aldersgate$d1659 215 $a15, [1] p 300 $aThe words "Sackford .. VVilcock," are bracketed together on title page. 300 $aReproduction of original in the British Library. 330 $aeebo-0018 700 $aBurrough$b Edward$f1634-1662.$01001305 801 0$bCu-RivES 801 1$bCu-RivES 801 2$bCStRLIN 801 2$bCu-RivES 906 $aBOOK 912 $a996394945803316 996 $aTo Charles Fleetvvood, steward, Robert Hatton, recorder: Sackford Gunstone, Henry VVilcock, bailiffs. Being judges in the Court of Kingstone upon Thames$92308026 997 $aUNISA LEADER 01028nam0 22002651i 450 001 UON00277708 005 20231205103823.822 010 $a27-15-20121-4 100 $a20060529d1983 |0itac50 ba 101 $afre 102 $aFR 105 $a||||0 ||||| 200 1 $aˆLa ‰presence et l'image$eleçon inaugurale de la Chaire d'Etudes Comparées de la Fonction Poétique au Collège de France, 1981$fYves Bonnefoy 210 $aParis$cMercure de France$d1983 215 $a58 p.$d19 cm. 620 $aFR$dParis$3UONL002984 676 $a841.914$cPoesia francese, 1945-1999$v21 700 1$aBonnefoy$bYves$3UONV000007$0144237 712 $aMercure de France$3UONV255879$4650 801 $aIT$bSOL$c20250627$gRICA 899 $aSIBA - SISTEMA BIBLIOTECARIO DI ATENEO$2UONSI 912 $aUON00277708 950 $aSIBA - SISTEMA BIBLIOTECARIO DI ATENEO$dSI VI A BON 5 $eSI LO 31196 7 5 996 $aPresence et l'image$91242425 997 $aUNIOR